Bài giảng văn học Dành cho sinh viên chuyên ngữ Pháp văn
محفوظ في:
| المؤلف الرئيسي: | |
|---|---|
| التنسيق: | كتاب |
| اللغة: | Undetermined |
| منشور في: |
Cần Thơ
Trường Đại học Cần Thơ
2000
|
| الموضوعات: | |
| الوسوم: |
إضافة وسم
لا توجد وسوم, كن أول من يضع وسما على هذه التسجيلة!
|
| Thư viện lưu trữ: | Trung tâm Học liệu Trường Đại học Cần Thơ |
|---|
| LEADER | 00568nam a2200193Ia 4500 | ||
|---|---|---|---|
| 001 | CTU_43783 | ||
| 008 | 210402s9999 xx 000 0 und d | ||
| 082 | |a 840.9 | ||
| 082 | |b Th108 | ||
| 100 | |a Ngô, Kim Thảo | ||
| 245 | 0 | |a Bài giảng văn học | |
| 245 | 0 | |b Dành cho sinh viên chuyên ngữ Pháp văn | |
| 245 | 0 | |c Ngô Kim Thảo | |
| 260 | |a Cần Thơ | ||
| 260 | |b Trường Đại học Cần Thơ | ||
| 260 | |c 2000 | ||
| 650 | |a French literature | ||
| 904 | |i Minh | ||
| 980 | |a Trung tâm Học liệu Trường Đại học Cần Thơ | ||